000 00653nam a22001697a 4500
003 OSt
005 20171010095451.0
008 120626t xxu||||| |||| 00| 0 eng d
040 _aMMSU
_cULS
100 _aPascua, Releah, H.
_910751
245 _aParticipants' awareness of satisfaction with and compliance to the stewardship agreement of the integrated social forestry program in Ilocos Norte
_cReleah H. Pascua
260 _c2008
300 _axiv, 90 leaves
_c28 cm.
500 _aThesis (BS Forestry) -- Mariano Marcos State University-College of Agriculture & Forestry, Batac City
504 _aBibliography: leaves 77-79
942 _2ddc
_cTHEDIS
999 _c9603
_d9603